[Event "Hamburg-chA"]
[Site "Hamburg"]
[Date "2017.06.09"]
[Round "5"]
[White "Reiner, Oliver"]
[Black "Zoeller, Henning"]
[Result "1-0"]
[WhiteElo "1569"]
[BlackElo "1644"]
[PlyCount "86"]
[EventDate "2017.06.03"]
[EventType "swiss"]
[EventRounds "7"]
[EventCountry "GER"]
[SourceTitle "CBM 179 Extra"]
[Source "ChessBase"]
[SourceDate "2017.08.23"]
[SourceVersion "1"]
[SourceVersionDate "2017.08.23"]
[SourceQuality "1"]

1. e4 e5 2. Nf3 Nc6 3. Bc4 Nf6 4. d3 d6 5. c3 Be7 6. h3 0-0 7. 0-0 a6 8. a4 Rb8 9. b4 Ra8 10. Re1 Nd7 11. Be3 Na7 12. Nbd2 c6 13. a5 Kh8 14. Qb3 Qe8 15. Ng5 Bxg5 16. Bxg5 f6 17. Be3 Qg6 18. Be6 Nb5 19. Bf5 Qe8 20. d4 Nc7 21. Qd1 g6 22. Bg4 h5 23. Be2 Rg8 24. Bc4 d5 25. exd5 cxd5 26. Bb3 e4 27. f3 g5 28. Bf2 f5 29. fxe4 fxe4 30. Nxe4 Qg6 31. Nd2 Rg7 32. Bg3 h4 33. Bxc7 Nf6 34. Bc2 Bf5 35. Bxf5 Qxf5 36. Nf1 Qg6 37. Be5 Rf8 38. Qb1 Qh6 39. Qf5 g4 40. Bf4 gxh3 41. Bxh6 Rxg2+ 42. Kh1 Ng4 43. Qxf8+ Kh7 1-0

[Event "Hamburg HSK Christmas op 1st"]
[Site "Hamburg"]
[Date "2015.12.27"]
[Round "1"]
[White "Reiner, Oliver"]
[Black "Schermer, Denis"]
[Result "1/2-1/2"]
[WhiteElo "1602"]
[BlackElo "2062"]
[PlyCount "86"]
[EventDate "2015.12.27"]
[EventType "swiss"]
[EventRounds "7"]
[EventCountry "GER"]
[SourceTitle "EXT 2022"]
[Source "ChessBase"]
[SourceDate "2021.10.06"]
[SourceVersion "1"]
[SourceVersionDate "2021.10.06"]
[SourceQuality "1"]

1. e4 c5 2. Nc3 Nc6 3. f4 e6 4. Nf3 d5 5. e5 Nge7 6. Bb5 Bd7 7. Bxc6 Bxc6 8. d4 Nf5 9. 0-0 Qb6 10. Ne2 Bb5 11. Rf2 Bxe2 12. Rxe2 Nxd4 13. Nxd4 cxd4 14. Kh1 Bc5 15. Qd3 0-0 16. a3 a5 17. Rf2 Qa6 18. b3 f6 19. exf6 Rxf6 20. Re2 g5 21. g3 Qxd3 22. cxd3 g4 23. a4 Kf7 24. Bd2 Ke7 25. Rc1 Kd6 26. Re5 b6 27. Kg2 Raf8 28. Rce1 Kd7 29. Rh5 R8f7 30. Ree5 Rf5 31. Rh6 Rxe5 32. fxe5 Bf8 33. Rh5 Rf3 34. Rxh7+ Kc6 35. Bh6 Bc5 36. Bf4 Rxd3 37. Rh6 Rxb3 38. Rxe6+ Kd7 39. Rg6 d3 40. e6+ Ke7 41. Bg5+ Kf8 42. Bh6+ Ke7 43. Bg5+ Kf8 1/2-1/2

[Event "Hamburg-chA"]
[Site "Hamburg"]
[Date "2014.06.13"]
[Round "5"]
[White "Chaichi Tehrani, Fereydoon"]
[Black "Reiner, Oliver"]
[Result "1-0"]
[WhiteElo "1406"]
[BlackElo "1242"]
[PlyCount "127"]
[EventDate "2014.06.07"]
[EventType "swiss"]
[EventRounds "7"]
[EventCountry "GER"]
[SourceTitle "CBM 161 Extra"]
[Source "ChessBase"]
[SourceDate "2014.08.29"]
[SourceVersion "1"]
[SourceVersionDate "2014.08.29"]
[SourceQuality "1"]

1. e4 e5 2. b3 Nf6 3. d3 Bb4+ 4. Bd2 Qe7 5. Nf3 Nc6 6. a3 Bxd2+ 7. Qxd2 d5 8. exd5 e4 9. dxc6 exf3+ 10. Qe3 Nd5 11. Qxe7+ Nxe7 12. gxf3 Nxc6 13. Nd2 Nd4 14. 0-0-0 Nb5 15. a4 Nc3 16. Re1+ Be6 17. Bh3 Kd7 18. Bxe6+ fxe6 19. Ne4 Nxe4 20. fxe4 Rhf8 21. Ref1 Rf3 22. Rhg1 g6 23. Rg3 Raf8 24. Rxf3 Rxf3 25. Kd2 e5 26. Ke2 Rh3 27. Rh1 c5 28. f3 Ke6 29. Kf2 g5 30. Kg2 Rh4 31. a5 Kd6 32. Rb1 Rf4 33. b4 Rf7 34. b5 h5 35. c4 Rf4 36. h3 Rf7 37. Rg1 h4 38. Kf2 Rg7 39. Rg4 b6 40. axb6 axb6 41. Rg1 Kc7 42. Ra1 Kb7 43. Rg1 Kc7 44. f4 exf4 45. Kf3 Kd6 46. Ra1 Ke5 47. Kg4 Kd4 48. Ra6 Rg6 49. Kf5 Rd6 50. e5 Rh6 51. Kxg5 Re6 52. Kxf4 Kxd3 53. Kf5 Rh6 54. e6 Rh5+ 55. Kf6 Rh6+ 56. Kf7 Rh7+ 57. Ke8 Rb7 58. Ra4 Kd4 59. e7 Ke5 60. Kf8 Kd4 61. e8Q Rh7 62. Qg6 Rh8+ 63. Kg7 Rd8 64. Qf6+ 1-0

[Event "Hamburg-ch A-Klasse"]
[Site "Hamburg"]
[Date "2013.05.24"]
[Round "7"]
[White "Reiner, Oliver"]
[Black "Mattiat, Kay"]
[Result "1-0"]
[WhiteElo "1167"]
[BlackElo "1775"]
[PlyCount "35"]
[EventDate "2013.05.18"]
[EventType "swiss"]
[EventRounds "9"]
[EventCountry "GER"]
[SourceTitle "EXT 2022"]
[Source "ChessBase"]
[SourceDate "2021.10.06"]
[SourceVersion "1"]
[SourceVersionDate "2021.10.06"]
[SourceQuality "1"]

1. e4 e5 2. Nf3 Nc6 3. Bc4 Bc5 4. b4 Bb6 5. a4 a6 6. Bb2 d6 7. h3 Nxb4 8. d4 exd4 9. Nxd4 Nc6 10. Nxc6 bxc6 11. Bxg7 Qg5 12. Bxh8 Qxg2 13. Kd2 Qxf2+ 14. Qe2 Qf4+ 15. Kd1 f6 16. Qh5+ Kd8 17. Bxg8 Qxe4 18. Bxf6+ 1-0

[Event "Hamburg-ch A-Klasse"]
[Site "Hamburg"]
[Date "2013.05.22"]
[Round "5"]
[White "Reiner, Oliver"]
[Black "Stolzenwald, Frank"]
[Result "1-0"]
[WhiteElo "1167"]
[BlackElo "1524"]
[PlyCount "89"]
[EventDate "2013.05.18"]
[EventType "swiss"]
[EventRounds "9"]
[EventCountry "GER"]
[SourceTitle "EXT 2022"]
[Source "ChessBase"]
[SourceDate "2021.10.06"]
[SourceVersion "1"]
[SourceVersionDate "2021.10.06"]
[SourceQuality "1"]

1. e4 d5 2. exd5 Qxd5 3. Nc3 Qd8 4. d4 f5 5. Bf4 Nf6 6. Nf3 h6 7. Ne5 g5 8. Ng6 Rg8 9. Nxf8 Rxf8 10. Be5 Nbd7 11. Qd3 Nxe5 12. dxe5 Qxd3 13. cxd3 Nd7 14. Nb5 Kd8 15. d4 c5 16. e6 Nf6 17. Bc4 a6 18. Nc3 b5 19. Be2 Bxe6 20. Bf3 cxd4 21. Bxa8 dxc3 22. bxc3 Kc7 23. Bf3 Nd5 24. a4 Kb6 25. Kd2 Rc8 26. axb5 axb5 27. Rhe1 Nf4 28. g3 Rd8+ 29. Kc2 Bd5 30. Rad1 Kc5 31. Bxd5 Nxd5 32. Re5 f4 33. Rxe7 fxg3 34. hxg3 b4 35. Rc7+ Kb6 36. Rc4 bxc3 37. Rb1+ Ka5 38. Rc5+ Ka4 39. Ra1+ Kb4 40. Raa5 Nf6 41. Rab5+ Ka4 42. f3 Nh5 43. Kxc3 Ra8 44. Rb1 Nxg3 45. Ra1# 1-0